| 000 | 00429nam a2200133Ia 4500 | ||
|---|---|---|---|
| 008 | 150201s2012 xx 000 0 und d | ||
| 082 |
_a658.404 _bKOH |
||
| 100 | _aKohli, Uddesh | ||
| 245 | _aProject management handbook for engineers, construction professionals and business managers | ||
| 260 |
_bTata McGraw Hill Education Private Limited _aNew Delhi _c2012 |
||
| 300 | _a518p. | ||
| 700 | _aChitkara, K. K | ||
| 942 |
_2ddc _cBK _06 |
||
| 999 |
_c5604 _d5604 |
||